| 000 | 00482nam a2200181 4500 | ||
|---|---|---|---|
| 003 | SEACOMMC | ||
| 005 | 20250419134018.0 | ||
| 008 | 240925b |||||||| |||| 00| 0 eng d | ||
| 020 | _cRs.150.00 | ||
| 040 | _aSEACOMMC | ||
| 082 |
_a174 _bT 835 |
||
| 100 | _a Tripathi, A N | ||
| 245 | 1 |
_aHuman Values: for Modern Professionals _c A N Tripathi |
|
| 250 | _aRev. 2nd ed. | ||
| 260 |
_aNew Delhi _bNew Age International Publishers _c2006 |
||
| 650 | _a Human Values | ||
| 942 | _cBOOK | ||
| 999 |
_c601 _d601 |
||